A generation of education. (Record no. 21677)

MARC details
000 -LEADER
fixed length control field 01001cam a22002651 4500
001 - CONTROL NUMBER
control field e 39000366
003 - CONTROL NUMBER IDENTIFIER
control field DLC
005 - DATE AND TIME OF LATEST TRANSACTION
control field 20260227111228.0
008 - FIXED-LENGTH DATA ELEMENTS--GENERAL INFORMATION
fixed length control field 790919s1939 nyua s s000 0 eng c
010 ## - LIBRARY OF CONGRESS CONTROL NUMBER
LC control number e 39000366
035 ## - SYSTEM CONTROL NUMBER
System control number (OCoLC)5390477
040 ## - CATALOGING SOURCE
Original cataloging agency U.S. Off. of educ. Library
Transcribing agency OCl
Modifying agency DLC
042 ## - AUTHENTICATION CODE
Authentication code premarc
050 00 - LIBRARY OF CONGRESS CALL NUMBER
Classification number LA447
Item number .N52
110 2# - MAIN ENTRY--CORPORATE NAME
Corporate name or jurisdiction name as entry element University of the State of New York.
245 12 - TITLE STATEMENT
Title A generation of education.
260 ## - PUBLICATION, DISTRIBUTION, ETC.
Place of publication, distribution, etc. [Albany?]
Name of publisher, distributor, etc. New York state education department,
Date of publication, distribution, etc. 1939.
300 ## - PHYSICAL DESCRIPTION
Extent 73 p.
Other physical details diagrs.
Dimensions 21 x 26 cm.
500 ## - GENERAL NOTE
General note "The data were collected and arranged by Philip A. Cowen and the designing of the cover and symbols and the drawing of the charts were done by Joseph E. Page."--p. [1]
650 #0 - SUBJECT ADDED ENTRY--TOPICAL TERM
Topical term or geographic name entry element Education
Geographic subdivision New York (State)
Form subdivision Statistics.
651 #0 - SUBJECT ADDED ENTRY--GEOGRAPHIC NAME
Geographic name New York (State)
Form subdivision Statistics.
650 #0 - SUBJECT ADDED ENTRY--TOPICAL TERM
Topical term or geographic name entry element Public schools
Geographic subdivision New York (State)
Form subdivision Statistics.
700 1# - ADDED ENTRY--PERSONAL NAME
Personal name Cowen, Philip Albert,
Dates associated with a name 1899-
700 1# - ADDED ENTRY--PERSONAL NAME
Personal name Page, Joseph Edward,
Dates associated with a name 1912-
Relator term illus.

No items available.

Powered by Koha